Online
Catalog

Cándido el ingenuo / : (Record no. 25168)

MARC details
000 -CABECERA
campo de control de longitud fija 00776nam a2200193 a 4500
001 - NÚMERO DE CONTROL
campo de control 000025676
005 - FECHA Y HORA DE LA ÚLTIMA TRANSACCIÓN
campo de control 20200930023950.0
008 - DATOS DE LONGITUD FIJA--INFORMACIÓN GENERAL
campo de control de longitud fija 110221s19uu sp 000 0 spa d
020 ## - NÚMERO INTERNACIONAL ESTÁNDAR DEL LIBRO
Número Internacional Estándar del Libro 8474612519
040 ## - FUENTE DE LA CATALOGACIÓN
Centro catalogador/agencia de origen DO-SdBNP
Lengua de catalogación spa
Centro/agencia transcriptor BNPHU
100 1# - ENTRADA PRINCIPAL--NOMBRE DE PERSONA
Nombre de persona Voltaire,
Fechas asociadas al nombre 1694-1778.
9 (RLIN) 4768
245 10 - MENCIÓN DE TÍTULO
Título Cándido el ingenuo / :
Resto del título Voltaire ; traducciónes de Leandro Fernández de Moratín y del abate Marchena ; prólogo de Joaquín del Moral Ruiz.
260 ## - PUBLICACIÓN, DISTRIBUCIÓN, ETC.
Lugar de publicación, distribución, etc. Madrid :
Nombre del editor, distribuidor, etc. Club internacional del libro,
Fecha de publicación, distribución, etc. 19uu.
300 ## - DESCRIPCIÓN FÍSICA
Extensión 195 p. ;
Dimensiones 20 cm.
490 1# - MENCIÓN DE SERIE
Mención de serie Grandes Genios de la literatura universar
700 1# - PUNTO DE ACCESO ADICIONAL--NOMBRE DE PERSONA
Nombre de persona Fernández de Moratín, Leandro,
Fechas asociadas al nombre 1760-1828
Término indicativo de función/relación trad.
9 (RLIN) 15834
700 1# - PUNTO DE ACCESO ADICIONAL--NOMBRE DE PERSONA
Nombre de persona Moral Ruiz, Joaquín del,
Término indicativo de función/relación pról.
9 (RLIN) 12826
830 #0 - PUNTO DE ACCESO ADICIONAL DE SERIE-TÍTULO UNIFORME
Título uniforme Grandes Genios de la literatura universa
9 (RLIN) 52437
Holdings
Estado de retiro Estado de pérdida Restricciones de uso No para préstamo Código de colección Localización permanente Ubicación/localización actual Ubicación en estantería Fecha de adquisición Número de inventario Total de préstamos Signatura topográfica completa Código de barras Fecha visto por última vez Precio válido a partir de Tipo de ítem Koha Número de copia
      Excluido de préstamo Monografías: Libros y Folletos General General En catalogación 21.02.2011 LF1   25676-10 25.06.2020 25.06.2020 No se presta  
      Excluido de préstamo Monografías: Libros y Folletos General General En catalogación 21.02.2011 LF1   25676-20 25.06.2020 25.06.2020 No se presta e. 2
    Préstamo interno   Monografías: Libros y Folletos General General En catalogación 03.06.2013 LF1   25676-30 25.06.2020 25.06.2020 Préstamo interno e. 3

Powered by Koha